| 000 | 00379nam a2200145Ia 4500 | ||
|---|---|---|---|
| 008 | 240624s9999 xx 000 0 und d | ||
| 041 | _aeng | ||
| 082 | _a658.4063 ROT | ||
| 100 | _aROTHWELL WILLIAM J | ||
| 245 | _aPRACTICING ORGANIZATION DEVELOPMENT A GU | ||
| 250 | _a(2nd ed.) | ||
| 260 |
_c2005 _aSan Francisco _bPfeiffer |
||
| 300 | _axxvii, : 717p. ; 23cm. | ||
| 365 |
_c _b25 |
||
| 999 |
_c4741 _d4741 |
||